书目信息 |
| 题名: |
历史建筑的再生空间
|
|
| 作者: | 王怀宇 著 | |
| 分册: | ||
| 出版信息: | 太原 山西人民出版社 2011.01 |
|
| 页数: | 209页 | |
| 开本: | 29cm | |
| 丛书名: | ||
| 单 册: | ||
| 中图分类: | TU746.3 | |
| 科图分类: | ||
| 主题词: | 民居--min ju--古建筑--改造--研究--山西省 | |
| 电子资源: | ||
| ISBN: | 978-7-203-06963-8 | |
| 000 | 00952nam0 2200253 450 | |
| 001 | 012011595530 | |
| 005 | 20110608131506.29 | |
| 010 | @a978-7-203-06963-8@dCNY180.00 | |
| 100 | @a20110608d2011 em y0chiy0120 ea | |
| 101 | 0 | @achi |
| 102 | @aCN@b140000 | |
| 105 | @aa a 000yy | |
| 106 | @ar | |
| 200 | 1 | @a历史建筑的再生空间@Ali shi jian zhu de zai sheng kong jian@d= Regeneration space of historical architecture@f王怀宇著@Fwang huai yu zhu@zeng |
| 210 | @a太原@c山西人民出版社@d2011.01 | |
| 215 | @a209页@c图@d29cm | |
| 320 | @a有书目 (第208-209页) | |
| 330 | @a本书内容包括:历史建筑的再生空间、云锦成、平遥民居保护与改造的审美观、麟麟阁、历史民居建筑改造中的色彩设计、王公馆等。 | |
| 510 | 1 | @aRegeneration space of historical architecture@zeng |
| 606 | 0 | @a民居@Amin ju@x古建筑@x改造@x研究@y山西省 |
| 690 | @aTU746.3@v4 | |
| 701 | 0 | @a王怀宇@Awang huai yu@4著 |
| 801 | 0 | @aCN@bQSSK@c20110608 |
| 905 | @b793639-41@dTU746.3@eW218@f3 | |
| 历史建筑的再生空间= Regeneration space of historical architecture/王怀宇著.-太原:山西人民出版社,2011.01 |
| 209页:图;29cm |
| ISBN 978-7-203-06963-8:CNY180.00 |
| 本书内容包括:历史建筑的再生空间、云锦成、平遥民居保护与改造的审美观、麟麟阁、历史民居建筑改造中的色彩设计、王公馆等。 |
| ● |
| 相关链接 |
|
|
|
正题名:历史建筑的再生空间
索取号:TU746.3/W218
 
预约/预借
| 序号 | 登录号 | 条形码 | 馆藏地/架位号 | 状态 | 备注 |
| 1 | 793639 | 207936395 | 建筑库201/201建筑库 41排3列2层/ [索取号:TU746.3/W218] | 在馆 | |
| 2 | 793640 | 207936402 | 建筑库201/201建筑库 41排3列2层/ [索取号:TU746.3/W218] | 在馆 | |
| 3 | 793641 | 207936411 | 建筑库201/201建筑库 41排3列2层/ [索取号:TU746.3/W218] | 在馆 |